000 00462nam a2200181Ia 4500
001 4588
005 20260306145807.0
008 260306t1994||||xx |||||||||||||| ||spa||
041 _aESP
082 _a327
_bV34
100 _aVásquez, John A. (Ed. Comp.)
_eAUT
245 0 _aRelaciones internacionales:
_bel pensamiento de los clásicos
260 _c1994
300 _a420 páginas :
_c24 cm.
650 _aGEN
654 _aCHU
942 _cLIB
_dJUS
_fJUS
_2ddc
_n
999 _c4588
_d4588